000 00820 a2200241 4500
005 20251118120034.0
008 251118b |||||||| |||| 00| 0 eng d
037 _cTB
040 _aCRL
_cCRL
041 _2eng
_aeng
_hsan
084 _aP15,Cx1,1 111N1;R5
_qCRL
100 _aGhosh, Manmohan
_9821347
245 _aPaniniya siksa:
_btext and translation
260 _aDelhi, India:
_bV. K. Publishing House,
_c2025.
300 _alxvi, 90p.
365 _b400.00
_cINR
546 _aTranslated from Sanskrit to English
650 _aPanini
_9851973
650 _aSanskrit Language
_9851974
650 _aSanskrit Grammar
_9851975
942 _cTB
_2CC
_n0
_hP15,Cx1,1 111N1;R5
999 _c1435453
_d1435453